నవగ్రహాలు (navagrahālu) - Statistics

General Stats
  • This quiz has been taken 10 times
    9 since last reset
  • The average score is 7 of 9
Answer Stats
నవగ్రహాలు (navagrahālu) % Correct
౫ (5) బృహస్పతి/గురువు (bṛhaspati/guruvu)
83%
౯ (9) కేతువు (kētuvu)
83%
౩ (3) కుజుడు/మంగళ గ్రహం/అంగారకుడు (kujuḍu/maṅgaḷa graham/aṅgārakuḍu)
83%
౮ (8) రాహువు (rāhuvu)
83%
౭ (7) శని (śani)
83%
౧ (1) సూర్యుడు (sūryuḍu)
83%
౨ (2) చంద్రుడు (candruḍu)
67%
౬ (6) శుక్రుడు (śukruḍu)
67%
౪ (4) బుధుడు (budhuḍu)
50%
No matching quizzes found
Score Distribution
Percent of People with Each Score
Percentile by Number Answered
Your Score History
You have not taken this quiz since the last reset